00846nam a2200241Ia 450000500170000000800410001702000150005804000180007304100080009108200220009910000170012124501120013825000120025026000440026230000320030644000060033850001340034465000260047865000280050465000330053270000180056570000210058320250224114049.0210716s2004 xx 000 0 und d a8129703009 cAIMIT LIBRARY aeng a006.671 22bHALM aHall, Marty. aCore servlets and java server pages : bcore technologies /cBy Marty Hall, Larry Brown and Yaakov Chaikin. a2nd ed. aNew Delhi :bPearson Education ,c2004. axxxiii,691p. ;bPBc24.5 cm v1 av.1./ Core technologies/ by Marty Hall, Larry Brown - v.1./ Advanced technilogies/ by Marty Hall, Larry Brown and Yaakov Chaikin. aProgrammatic security aServlet and JSP filters aThe struts framework: basics aBrown, Larry. aChaikin, Yaakov.